| 000 | 00568nam a2200241Ia 4500 | ||
|---|---|---|---|
| 008 | 210210b1910 xxu||||| |||| 00| 0 eng d | ||
| 041 | _aeng | ||
| 082 | _a826/232 | ||
| 100 | _aWARD (A W) | ||
| 245 | _aCambridge history of english literature Vol 5 | ||
| 260 |
_aCambridge _bAt the University Press _c1910 |
||
| 440 | _aV | ||
| 650 | _aVol | ||
| 650 | _aof | ||
| 650 | _aliterature | ||
| 650 | _ahistory | ||
| 650 | _aenglish | ||
| 650 | _aCambridge | ||
| 650 | _a5 | ||
| 690 | _aHistory of Literature | ||
| 700 | _aWALLER (A R) Ed | ||
| 906 | _a015780 | ||
| 999 |
_c135170 _d135170 |
||